A Rákóczi-család könyvtárai 1588-1660
Elmentve itt :
| Dokumentumtípus: | Könyv |
|---|---|
| Megjelent: |
1996
|
| Sorozat: | A Kárpát-medence kora újkori könyvtárai
1 |
| Online Access: | http://misc.bibl.u-szeged.hu/29039 |
| LEADER | 00516nam a2200157 i 4500 | ||
|---|---|---|---|
| 001 | misc29039 | ||
| 005 | 20191121111616.0 | ||
| 008 | 180103s1996 hu o 0|| zxx d | ||
| 020 | |a 963-833-530-0 | ||
| 022 | |a 1416-1044 | ||
| 040 | |a SZTE Miscellanea Repozitórium |b hun | ||
| 041 | |a zxx | ||
| 245 | 0 | 2 | |a A Rákóczi-család könyvtárai 1588-1660 |h [elektronikus dokumentum] |
| 260 | |c 1996 | ||
| 490 | 0 | |a A Kárpát-medence kora újkori könyvtárai |v 1 | |
| 856 | 4 | 0 | |u http://misc.bibl.u-szeged.hu/29039/1/kkk_001.pdf |z Dokumentum-elérés |